000 01127nam0a22002891 4500
001 v19\rc\1778419
005 20250619121059.0
035 _a(NLR Aleph) 004898526
090 _a5348585
_c5348585
100 _a20061204e19041904|||y0rusy50 ca
101 0 _arus
102 _aRU
105 _aa z |||||
200 1 _aО поражении позвоночника при спинной сухотке
_f[Соч.] Д-ра Н.Е. Кушева
_g(Из Сарат. губ. зем. больницы)
210 _aМосква
_cт-во тип. А.И. Мамонтова
_dценз. 1904
215 _a7 с.
_cил.
_d24
309 _aБез тит. л. и обл.
311 _aИз журн. "Медицинское обозрение". 1904, № 20
488 0 _12001#$aМедицинское обозрение$v1904, № 20
_tМедицинское обозрение
700 1 _aКушев
_bН.Е.
_f1858-1941
_gНиколай Егорович
801 0 _aRU
_bNLR
_gpsbo
801 0 _aRU
_bRuMoRGB
_2psbo
801 1 _aRU
_bProSoft-M
_2rusmarc
852 _aNLR
_j34.82.6.1871
899 _aБАН
942 _cBOOK
980 _aNB